000 00440nam a22001697a 4500
003 NUST - PNEC
005 20170116181124.0
008 151005b xxu||||| |||| 00| 0 eng d
020 _a-
040 _cLIBRARY
082 _a684.08 WAT
100 _913627
_aWaters, M M
245 _aWoodwork, a course for first examinations.
_cM. M. Waters
260 _cc.1963
650 _913628
_aWoodwork (Manual training)
_xME
942 _2ddc
_cBK
999 _c69693
_d69693